00551nam a22001577a 4500003000900000008004100009040007100050082002200121100002800143245005500171260007100226300002900297650001900326650002100345650002700366AR-CdUCM190328b ||||| |||| 00| 0 spa d aMUNICIPALIDAD PROVINCIAL DEL CUSCOcBIBLIOTECA MUNICIPAL DEL CUSCO aC / 869.44 /bC59 aClaros Lafuentes, Jorge aDe Profundis :bCanto a los Mineros de la Patria / aBolivia :bImprenta de la Universidad Mayor de San Andres ,c1970. a68 páginas ;c18.2 cm. aPoesia Cantada aPoesia Boliviana aPoesia Latinoamericana